Un periodista en el Concilio : segunda etapa /

Tallennettuna:
Bibliografiset tiedot
Päätekijä: Martín Descalzo, José Luis (autor)
Aineistotyyppi: Kirja
Kieli:espanja
Julkaistu: Madrid, España : PPC, 1963, c1963
Painos:4a edición
Sarja:(Cosas de Dios ; 19)
Aiheet:
Tagit: Lisää tagi
Ei tageja, Lisää ensimmäinen tagi!

MARC

LEADER 00000nam^a2200000^a^4500
001 000172981
005 20250521000000.0
009 20260310101437.848
037 |a Acervo ITESO - Biblioteca 
041 |a ESP 
082 |a 282. 11821  |b MAR V. 2 
100 |a Martín Descalzo, José Luis  |e (autor) 
240 1 1 |a [Concilio Vaticano II] 
245 1 3 |a Un periodista en el Concilio :  |b segunda etapa /  |c J.L. Martín Descalzo. 
250 |a 4a edición 
264 4 |a Madrid, España :  |b PPC,  |c 1963, c1963 
300 |a 450 p. 
336 |a texto  |b txt  |2 rdacontenido 
337 |a sin mediación  |b n  |2 rdamedio 
338 |a volumen  |b nc  |2 rdasoporte 
440 1 |a (Cosas de Dios ;  |v 19) 
649 |a XX 
650 |a Concilio Vaticano, 1962-1965 
650 |a Concilios y Sínodos -  |x Historia -  |y Siglo XX 
650 |a Encíclicas 
650 |a Iglesia y Problemas Sociales 
650 |a Iglesia Católica -  |x Historia -  |x Documentos 
650 |a Iglesia Católica -  |x Historia -  |y Papa, 1958-1963 (Juan XXIII) 
650 |a Iglesia Católica -  |x Historia -  |y Papa, 1963-1978 (Paulo VI) 
650 |a Catolicismo 
650 |a Cristianismo 
650 |a Religión 
910 |a Fondo General 
920 |a Impresos - Libros 
930 |a Colección General 
905 |a 101 
901 |a 0500110426  |b IT1  |c ACC  |u 20250521 
902 |a https://opac.biblio.iteso.mx/vufind/Record/000172981